00767nam a2200205 a 450000100100000000500170001000800410002702000150006804000250008308200150010810000370012324500980016026000340025830000210029249000190031350000730033283000260040595201130043199900170054400004274920201002040353.0140206s1976 sp 000 0 spa d a8470572024 aDO-SdBNPbspacBNPHU axxxbG633c1 aGómez Caffarena, José96799810a¿Cristianos, hoy? :bdiagnóstico y perspectivas de una crisis /cJosé Gómez Caffarena. aMadrid :bCristiandad,c1976. a292 p. ;c18 cm.1 aEpifaníav32 aIncluye referencias bibliográficas y notas al pie de las páginas 0aEpifanían32970072 001050718MOaGRbGRcCTd2014-02-06iLF1l0oxxx G633cp42749-10r2020-06-25w2020-06-25y1ZNo se presta c42238d42238